On some new or rare birds from the Sierra Nevada de Santa Marta, Colombia (Registro nro. 12372)

Detalles MARC
000 -CABECERA
Campo de control 005490000a22001690004500
090 ## - CLASIFICACIÓN LOCAL
Colección AR
Consecutivo 03321
041 0# - IDIOMA
Código de idioma para texto/pista de sonido o título separado
100 1# - ASIENTO PRINCIPAL--NOMBRE PERSONAL
Nombre personal Bangs, Outram
245 10 - MENCION DE TITULO
Título On some new or rare birds from the Sierra Nevada de Santa Marta, Colombia
650 14 - ASIENTO SECUNDARIO DE MATERIA - TERMINO TEMATICO
Término temático o nombre geográfico como elemento de entrada Ornitología
650 14 - ASIENTO SECUNDARIO DE MATERIA - TERMINO TEMATICO
Término temático o nombre geográfico como elemento de entrada Aves
650 14 - ASIENTO SECUNDARIO DE MATERIA - TERMINO TEMATICO
Término temático o nombre geográfico como elemento de entrada Taxonomía
650 14 - ASIENTO SECUNDARIO DE MATERIA - TERMINO TEMATICO
Término temático o nombre geográfico como elemento de entrada Distribución geográfica
651 #4 - ASIENTO SECUNDARIO DE MATERIA - NOMBRE GEOGRAFICO
-- Sierra Nevada de Santa Marta
-- Magdalena
-- Colombia
773 1# - Item fuente:
Título Biological Society of Washington
Especificación de materiales 475
Paginas del Articulo 91-108
Lugar, editorial y fecha de publicación 1899
Información sobre la relación 13
942 ## - ELEMENTOS ADICIONALES (KOHA)
Tipo de ítem Artículo
Existencias
Withdrawn status Lost status Sistema de Clasificación Damaged status No para préstamo Colección Ubicación Permanente Ubicación actual Fecha de adquisición Datos de publicación Seriada Total Checkouts Número topográfico Inventario / Código de Barras Date last seen Ejemplar Price effective from Tipo de material
    Dewey Decimal Classification   No para Préstamo Hemeroteca Villa de Leyva Villa de Leyva 27/02/2015 Fuera de circulación   AR 03321 013624 25/03/2015 1 25/03/2015 Artículo